Capitals of Provinces of Bulgaria - Statistics

General Stats
  • This quiz has been taken 10 times
  • The average score is 25 of 28
Answer Stats
Answer % Correct
Burgas
100%
Dobrich
100%
Ruse
100%
Sofia
100%
Sofia
100%
Varna
100%
Blagoevgrad
90%
Gabrovo
90%
Haskovo
90%
Montana
90%
Pazardzhik
90%
Pleven
90%
Plovdiv
90%
Razgrad
90%
Shumen
90%
Sliven
90%
Stara Zagora
90%
Targovishte
90%
Vidin
90%
Vratsa
90%
Yambol
90%
Kardzhali
80%
Kyustendil
80%
Pernik
80%
Smolyan
80%
Silistra
70%
Tarnovo
70%
Lovech
60%
No matching quizzes found
Score Distribution
Percent of People with Each Score
Percentile by Number Answered
Your Score History
You have not taken this quiz